书目信息 |
| 题名: |
实变函数与泛函分析基础
|
|
| 作者: | 程其襄 编 | |
| 分册: | ||
| 出版信息: | 北京 高等教育出版社 1983 |
|
| 页数: | 308页 | |
| 开本: | 21cm | |
| 丛书名: | ||
| 单 册: | ||
| 中图分类: | O174.1 , O177 , O17 | |
| 科图分类: | ||
| 主题词: | 实变函数 , 泛函分析 , 数学分析 | |
| 电子资源: | ||
| ISBN: | ||
| 000 | 00786nam0 2200301 45 | |
| 001 | 0183012205 | |
| 005 | 20040519102258.9 | |
| 010 | @dCNY1.20 | |
| 091 | @a13010.0945 | |
| 100 | @a19950512d1983 em y0chiy0121 ea | |
| 101 | 0 | @achi |
| 102 | @aCN@b110000 | |
| 105 | @ay z 000yy | |
| 106 | @ar | |
| 200 | 10 | @a实变函数与泛函分析基础@Ashi bian han shu yu fan han fen xi ji chu@f程其襄等编 |
| 210 | @a北京@c高等教育出版社@d1983 | |
| 215 | @a308页@d21cm | |
| 300 | @a高等学校试用教材 | |
| 606 | @a实变函数 | |
| 606 | @a泛函分析 | |
| 606 | 0 | @a数学分析 |
| 690 | @aO174.1@v3 | |
| 690 | @aO177@v3 | |
| 690 | @aO17 | |
| 701 | 0 | @a程其襄@Acheng qi xiang@4编 |
| 801 | 0 | @aCN@b上海图书馆@c20040519 |
| 801 | 2 | @aCN@bNLC@c20040519 |
| 905 | @f1@b111225@f1@b111227@dO17@e17=2 | |
| 实变函数与泛函分析基础/程其襄等编.-北京:高等教育出版社,1983 |
| 308页;21cm |
| 高等学校试用教材 |
| ISBN :CNY1.20 |
| ● |
| 相关链接 |
|
|
|
|
正题名:实变函数与泛函分析基础
索取号:O17/17=2
 
预约/预借
| 序号 | 登录号 | 条形码 | 馆藏地/架位号 | 状态 | 备注 |
| 1 | 0111225 | 000417604 | 第三借阅区/ [索取号:O17/17=2] | 在馆 | |
| 2 | 0111227 | 000417506 | 第三借阅区/ [索取号:O17/17=2] | 在馆 |